000 00574nam a2200157 a 4500
001 000046203
005 20201002052714.0
008 150706s19uu dr 000 0 spa d
040 _aDO-SdBNP
_bspa
_cBNPHU
082 _axxx
_bH117
245 0 0 _aHacia la tercera sesión del 2do. congreso :
_bBloque Socialista, el camino es el socialismo.
246 1 3 _aBloque Socialista :
_bel camino es el socialismo
260 _a[Santo Domingo] :
_bBloque Socialista,
_c[198?].
300 _a26 p. ;
_c21 cm.
505 _av. 1 : Criticas a nuestras práciticas y concepciones organizativas
999 _c45692
_d45692